Invitation / (Record no. 66402)

MARC details
000 -LEADER
fixed length control field 00777nam a22002177a 4500
005 - DATE AND TIME OF LATEST TRANSACTION
control field 20140606105341.0
010 ## - LCCN (DPL NO)
LC control number B-457125 B-460871-875
020 ## - INTERNATIONAL STANDARD BOOK NUMBER
International Standard Book Number 9789380658650
Terms of availability 495.00
035 ## - SYSTEM CONTROL NUMBER
System control number B-457125 B-460871-875
037 ## - SOURCE OF ACQUISITION
Stock number dpl
Source of stock number/acquisition K.K.Pub/ Ven
037 ## - SOURCE OF ACQUISITION
Source of stock number/acquisition Virtuous Pub/Ven
082 ## - DEWEY DECIMAL CLASSIFICATION NUMBER
Classification number N
100 ## - MAIN ENTRY--PERSONAL NAME
Personal name Shehryar Fazli
245 ## - TITLE STATEMENT
Title Invitation /
Statement of responsibility, etc by Shehryar Fazli
260 ## - PUBLICATION, DISTRIBUTION, ETC. (IMPRINT)
Place of publication, distribution, etc New Delhi
Name of publisher, distributor, etc Tranquebar
Date of publication, distribution, etc 2011
270 ## - ADDRESS
Address 47,Brij Mohan Road, Darya Ganj
City New Delhi
Postal code 110002
300 ## - PHYSICAL DESCRIPTION
Extent IX, 325p..
Dimensions 19cm(Hb)
942 ## - ADDED ENTRY ELEMENTS (KOHA)
Source of classification or shelving scheme Dewey Decimal Classification
Item type English Books
Call number suffix FAZ
Classification part N
Holdings
Withdrawn status Lost status Not for loan Collection code Home library Current library Date acquired Source of acquisition Cost, normal purchase price Full call number Barcode Copy number Cost, replacement price Koha item type Public note
      Fiction Central Library Central Library 16/05/2012 K.K.Pub/1651/24.01.2012/19/16.01.2012/03.02.2012 495.00 N FAZ B-457125 1 495.00 English Books Legal Case (Register 30)
      Non-fiction Janak Puri Janak Puri 18/06/2012 Virtuous Pub/936/04.02.2012/28/18.01.2012/10.02.2012 495.00 N FAZ B-460872 1 495.00 English Books  
      Non-fiction Karol Bagh Karol Bagh 18/06/2012 Virtuous Pub/936/04.02.2012/28/18.01.2012/10.02.2012 495.00 N FAZ B-460874 1 495.00 English Books  
      Non-fiction Patel Nagar Patel Nagar 18/06/2012 Virtuous Pub/936/04.02.2012/28/18.01.2012/10.02.2012 495.00 N FAZ B-460871 1 495.00 English Books  
      Non-fiction Sarojini Nagar Sarojini Nagar 18/06/2012 Virtuous Pub/936/04.02.2012/28/18.01.2012/10.02.2012 495.00 N FAZ B-460873 1 495.00 English Books  
      Non-fiction Shahdara Branch Shahdara Branch 18/06/2012 Virtuous Pub/936/04.02.2012/28/18.01.2012/10.02.2012 495.00 N FAZ B-460875 1 495.00 English Books  

© Delhi Public Library
Hit Counter
free hit counter